01512cam a22003374i 4500003000900000005001700009008004100026035001900067040003300086082002200119100003300141245005900174264006200233300006400295336002100359337002500380338002300405505062400428526001001052526001001062526001001072526001001082526000801092526000801100526000801108526000801116526000801124526000801132526000801140650002601148PE-LiUPU20250731173140.0150623s r 000 0 d a(Sirsi) a27362 aPE-LiUPUbspacPE-LiUPUerda04a224.504bH23S2211 aHaskell, Stephen N.,eautor.14aThe story of the seer of Patmos /cStephen N. Haskell. 1aWashington, DC :bSouthern Publishing Association,c1977. a424 páginas :bilustraciones, gráficos, fotos ;c20 cm. atext2rdacontent aunmediated2rdamedia avolume2rdacarrier0 aThe seer of Patmos. The author of the revelation. The message to the churches. The message to the churches (continued). A glimpse of heaven. Who is worthy to open the book?. History in the seals. The sealing work. The trumpets. The beginning of woes. The voice of a mighty angel. The third woe. The great controversy. The beast from the sea and the beast from the earth. The thress angels messages. Preparation for the plagues. The seven last plagues. Babylon, the great mystery. Be ye separate. The two suppers. The judgment of the wicked. The glories of the New Jerusalem. The New Earth. Te sanctuary and its service. aSEG42 aSEG41 aSEG40 aSEG39 aP94 aP87 aP86 aP85 aP77 aP76 aP3504aProfecias bíblicas.